000 00552nam a2200193 b 4500
003 OSt
005 20151123105842.0
008 000707s1998 sp | ||| ||spa
020 _a84-8403-142-X
040 _cBMC
082 _a840
100 1 _aSade,
_cMarqués de
_d1740-1814
_933012
245 1 0 _aNuevos cuentos, historietas y fábulas completas
_cMarqués de Sade
260 _aArganda del Rey (Madrid)
_bEdimat
_c1998
300 _a254 p.
_c19 cm
490 _aClásicos de siempre
_v37
650 2 4 _930831
_aLiteratura francesa
942 _2ddc
_cBK
999 _c23438
_d23438